Language Quiz

Random Language or Letter Quiz

4-Letter Ends in Y Quiz Stats

 Plays Quiz Updated Nov 11, 2016

Challenge
Share
Tweet
Embed
Score 0/26 Timer 03:00
0 Plays Today
Starting Letter 4-Letter Word % Correct
Aally
95.6%
Ccity
95.1%
Uugly
92.6%
Rruby
92.2%
Bbury
91.7%
Llady
91.5%
Ggrey
90.1%
Oobey
89.3%
KKaty
86.9%
XX-ray
86.8%
Jjury
86.2%
Ffury
84.8%
Ddeny
84%
Starting Letter 4-Letter Word % Correct
Hholy
81.4%
Ssway
80.6%
Nnosy
79.3%
Zzany
77.4%
Vvery
76.4%
Wwavy
71.3%
Qquay
68.5%
Ppuny
65.1%
Eeddy
61.3%
IIndy
49.5%
YYury
45.8%
MMoby
44.8%
TTroy
39%

You're not logged in!

Compare scores with friends on all Sporcle quizzes.
Join for Free
OR
Log In

You Might Also Like...

Show Comments

Extras

Top Quizzes Today


Score Distribution

Your Account Isn't Verified!

In order to create a playlist on Sporcle, you need to verify the email address you used during registration. Go to your Sporcle Settings to finish the process.

Report this User

Report this user for behavior that violates our Community Guidelines.

Details: